000 00816nam a22001337a 4500
040 _cRUA
082 _aAVM DUK 2002 B073 Or.1
100 _aDUK, SEYHA.
245 _aEffect of utilization of water spinach as supplementation on diet for fattening pigs at the research station of RUA (ឥទ្ធិពលនៃការប្រើប្រាស់ត្រកួនជាចំណីបន្ថែមលើចំណីផ្សំសំរាប់ជ្រូកសាច់នៅស្ថានីយ៏ចិញ្ចឺមសត្វនៃសាកលវិទ្យាល័យភូមិន្ទកសិកម្ម)
260 _aPhnom Penh
_bRUA
_c2002
300 _axi, 40p.
_bill.
_c29cm.
856 _uhttps://drive.google.com/file/d/1HPdeXfZ8OOB0-tqVgvR2_jZR3MeTXmdj/view?usp=sharing
942 _cAVM
999 _c1909
_d1909